000 00338nam a2200097Ia 4500
005 20250424112929.0
008 250424s9999 xx 000 0 und d
300 _a72 p. :ill. ; 29 cm.
650 _aChartered Institute of Local Government and Public Administration of Nigeria--Periodicals. Public administration--Nigeria--Perio
942 _cSR
999 _c37943
_d37943